|
|
|
|
| LEADER |
01346nam a22003017a 4500 |
| 001 |
34886 |
| 003 |
BD-DhAAL |
| 005 |
20241223104614.0 |
| 008 |
190724t2011 bg ||||| |||| 00| p ben d |
| 020 |
|
|
|a 9844600014
|
| 040 |
|
|
|a BD-DhAAL
|c BD-DhAAL
|
| 041 |
|
|
|a ben
|
| 082 |
|
|
|a 891.441
|
| 100 |
|
|
|a জসীমউদ্দীন,
|d ১৯০৩-১৯৭৬.
|9 33079
|
| 245 |
|
|
|a সুচয়নী /
|c জসীম উদ্দীন.
|
| 246 |
|
|
|a Suchayani (selected pomes)
|
| 260 |
|
|
|a ঢাকা :
|b পলাশ প্রকাশনী,
|c ২০১১.
|
| 300 |
|
|
|a ৩০৩ পৃষ্ঠা :
|b চিএ ;
|c ২১ সে.মি.
|
| 526 |
|
|
|a GenEd (Residential Campus)
|
| 541 |
|
|
|a Development Book Agency
|e 34886, 40793
|
| 600 |
|
|
|a Jasimuddin,
|d 1903-1976.
|9 33302
|
| 650 |
|
|
|a Bengali poetry.
|9 33080
|
| 650 |
|
|
|a Bengali literature.
|
| 852 |
|
|
|a Ayesha Abed Library
|c General Stacks
|
| 942 |
|
|
|2 ddc
|c BK
|
| 999 |
|
|
|c 40956
|d 40956
|
| 952 |
|
|
|0 0
|1 0
|2 ddc
|4 0
|6 891_441000000000000_JAS
|7 0
|9 65733
|a SCL
|b SCL
|c GEN
|d 2019-07-17
|e Development Book Agency
|g 255.00
|l 2
|m 1
|o 891.441 JAS
|p 3020034886
|r 2026-04-16
|s 2026-04-06
|t 1
|v 255.00
|w 2019-07-17
|y BK
|
| 952 |
|
|
|0 0
|1 0
|2 ddc
|4 0
|6 891_441000000000000_JAS
|7 0
|9 72957
|a SCL
|b SCL
|c GEN
|d 2023-01-15
|e Development Book Agency
|g 270.00
|l 0
|o 891.441 JAS
|p 3020040793
|r 2026-04-21
|t 2
|v 270.00
|w 2023-01-15
|y BK
|